| 000 | 02339nam a2200265 i 4500 | ||
|---|---|---|---|
| 001 | 18399 | ||
| 003 | DO-SdUEMH | ||
| 005 | 20260307155333.0 | ||
| 007 | ta | ||
| 008 | 260307b2003 ag a|||gr|||| 00| 0 spa d | ||
| 020 | _a9786287528444 | ||
| 040 |
_aDO-SdUEMH _bspa _erda |
||
| 041 | _aspa | ||
| 082 | 1 | 4 |
_mRD _bG922a |
| 100 | _eautr | ||
| 245 | 1 | 0 |
_aAbordaje clínico integral de mínima intervención de la lesión de caries dental : _bdiagnóstico, biomateriales y tratamiento / _cSylvia Gudiño-Fernández |
| 264 | 0 | 1 |
_aArgentina : _bamolca, S. A. S. _c2023 |
| 300 |
_axvii, 315 paginas : _bilustraciones ; _c29 cm. |
||
| 336 |
_2rdacontent _atexto _btxt |
||
| 337 |
_2rdamedia _asin mediación _bn |
||
| 338 |
_2rdacarrier _avolumen _bnc |
||
| 504 | _aBibliógrafas al final de cada capítulo | ||
| 505 | 1 | _aOdontología de mínima intervención, con énfasis en el riesgo de caries dental -- Introducción a la cariología y a los abordajes clínicos mínimamente invasivos -- El biofluido salival y la enfermedad de caries dental -- Microbiología de la biopelícula dental y su relación con el proceso carioso -- Progresión de la lesión cariosa y su microbiopatología -- Diagnóstico clínico de las lesiones de caries: valoración, detección y clasificación -- Diagnóstico radiológico complementario de las lesiones de caries y su clasificación -- Programa educativo para la salud bucal en el consultorio odontológico y en el hogar -- Higiene bucal y control mecánico del biofilm dental -- Agentes para el control químico del biofilm dental -- El futuro: cómo mantener los dientes libres de caries dental (protocolo CAMBRA pediátrico) -- La dieta y su impacto en la caries dental -- Fluorterapia y mínima intervención en caries -- Selladores preventivos y terapéuticos: una actuación basada en la evidencia -- Terapias remineralizantes para las lesiones cariosas -- Tratamiento restaurador atraumático (ART): una alternativa preventiva, terapéutica y restauradora -- Nuevos materiales bioactivos -- Remoción químico-mecánica de las lesiones cariosas -- Resinas infiltrantes -- Hipomineralización molar: descripción clínica, propiedades estructurales, epidemiología y tratamiento -- Desgastes dentales en niños y adolescentes por causas no bacterianas, con énfasis en la erosión. | |
| 942 |
_2ddc _n0 _cBK |
||
| 999 |
_c18399 _d18399 |
||